01114 a2200241 450000500170000000800410001702000180005804000630007604100080013911101100014724000130025724501980027026000450046830000570051350400410057063000190061165000310063065000230066165000420068465000630072665100520078971000310084120161207135927.0150908s2013 ck ado f |||| 00| 0 spa d a9789585773752 aCO-BoUCMbspacJose A. Gerena (modificó)dJose A. Gerena0 aspa1 acongreso nacional autónomo del pueblo negro, afrocolombiano, palenquero y raizalc(Bogotád2014n1er) aMemorias00aMemorias del primer congreso nacional autónomo del pueblo negro, afrocolombiano, palenquero y raizalcprimer congreso nacional autónomo del pueblo negro, afrocolombiano, palenquero y raizal c2013aBogotá (Colombia)bUSAIDbANAFRO a215 páginasbilustraciones, cuadros, fotografías aIncluye referencias bibliográficas aLey 70 de 1993 7aNegros xAspectos sociales 7aDesarrollo social  7aNegros zQuibdó (Chocó, Colombia) 7aComunidades afrocolombianas zQuibdó (Chocó, Colombia) 4aQuibdó (Chocó, Colombia)xAspectos sociales1 aGarcés, Danieledirector